Ethnobotanical Study of some Selected Plants Used in the Treatment of Skin and Diabetic Diseases in Bangladesh / (Record no. 81319)
[ view plain ]
| 000 -LEADER | |
|---|---|
| fixed length control field | 01060nam a2200253 a 4500 |
| 001 - CONTROL NUMBER | |
| RUCL Control Number | 81319 |
| 003 - CONTROL NUMBER IDENTIFIER | |
| rucl marc code | BD-RjUL |
| 005 - DATE AND TIME OF LATEST TRANSACTION | |
| control field | 20230403115647.0 |
| 008 - FIXED-LENGTH DATA ELEMENTS--GENERAL INFORMATION | |
| fixed length control field | 230403s2020 bg a|||| m||| 00| 0 eng d |
| 035 ## - SYSTEM CONTROL NUMBER | |
| system control number | (BD-RjUL)81319 |
| 040 ## - CATALOGING SOURCE | |
| Original cataloging agency | BD-RjUL |
| Language of cataloging | ben / eng |
| Transcribing agency | BD-RjUL |
| Modifying agency | BD-RjUL |
| 041 ## - LANGUAGE CODE | |
| Language code of Book | ben |
| 082 ## - DEWEY DECIMAL CLASSIFICATION NUMBER | |
| Classification number | 571.92 |
| Author mark and Year | SAE 2020 |
| DDC Edition number | 23 |
| 100 ## - MAIN ENTRY--PERSONAL NAME | |
| Personal name | Sadat, A F M Nazmus |
| 9 (RLIN) | 7262 |
| 245 10 - TITLE STATEMENT | |
| Title | Ethnobotanical Study of some Selected Plants Used in the Treatment of Skin and Diabetic Diseases in Bangladesh / |
| Statement of responsibility, etc | A F M Nazmus Sadat ; |
| Name of Supervisor/Co-Supervisor | Principal Supervisor : Md. Abul Kalam Azad, Co-Supervisor : Md. Matiar Rahman |
| 260 ## - PUBLICATION, DISTRIBUTION, ETC. (IMPRINT) | |
| Place of publication, distribution, etc | Rajshahi : |
| Name of publisher, distributor, etc | Instittute of Environmental Science, University of Rajshahi |
| Date of publication, distribution, etc | 2020 |
| 300 ## - PHYSICAL DESCRIPTION | |
| Pagination | xiv, 144 Leaves : |
| Other physical details | ill, ; |
| Dimensions | 29 cm. |
| 502 ## - DISSERTATION NOTE | |
| Dissertation note | Thesis (Ph. D.) -- Instittute of Environmental Science, University of Rajshahi 2020 |
| 504 ## - BIBLIOGRAPHY, ETC. NOTE | |
| Bibliography, etc | References : Leaves 136-140 |
| 650 ## - SUBJECT ADDED ENTRY--TOPICAL TERM | |
| Topical term or geographic name as entry element | Plants diseases |
| 9 (RLIN) | 7263 |
| 700 ## - ADDED ENTRY--SUPERVISOR/CO-SUPERVISOR NAME | |
| Personal name | Azad, Md. Abul Kalam, Principal Supervisor |
| 9 (RLIN) | 7264 |
| Personal name | Rahman, Md. Matiar, Co-Supervisor |
| 9 (RLIN) | 7265 |
| 942 ## - ADDED ENTRY ELEMENTS (KOHA) | |
| Source of classification or shelving scheme | Dewey Decimal Classification |
| Koha item type | Theses |
| Source of classification or shelving scheme | Damaged status | Not for loan | Collection code | Permanent Location | Current Location | Shelving location | Date of accession | Source of acquisition | Total Checkouts | Full call number | Barcode | Date last seen | Copy number | Thesis |
|---|---|---|---|---|---|---|---|---|---|---|---|---|---|---|
| Dewey Decimal Classification | Not For Loan | Theses | Central Library, University of Rajshahi | Central Library, University of Rajshahi | Documentation Section | 02/03/2023 | Controller of Exam. R.U | THE 571.92 SAE 2020 | D4730 | 03/04/2023 | C-1 | Theses |